000 00816nam a22002537a 4500
003 UA-OsUOA
001 50258
007 ta
008 20140529b un ||||| |||| 00| 0 ukr d
100 _aКоцур В.
700 _aКоцур А.
090 _a930.1
_bК75
942 _cBK
040 _aUA-OsUOA
_bukr
_cUA-OsUOA
_dUA-OsUOA
245 _aІсторіографія історії України
_bКурс лекцій
300 _a520 с.
955 _a1
041 _aukr
080 _a930.1
260 _aЧернівці
_bЗолоті литаври
_c1999
650 7 _a930 Історична наука. Допоміжні історичні дисципліни
_2UDC
999 _c430386
_d430386